| 000 | 00522nam a2200217Ia 4500 | ||
|---|---|---|---|
| 999 |
_c20481 _d20481 |
||
| 003 | GCL | ||
| 005 | 20240530100742.0 | ||
| 008 | 140319s9999 xx 000 0 eng d | ||
| 040 |
_aGCL / _cGCL |
||
| 082 | 0 | 4 |
_a708.47 _bV H |
| 100 | 1 | _aVARONIKHINA, L. | |
| 245 | 1 | 0 |
_athe hermitage / _cVARONIKHINA, L. |
| 260 |
_aروسيا : _bSOVIETSKY KHUDOZHNIK |
||
| 300 |
_a18 CM ؛ _c111 P |
||
| 650 | 0 | 4 | _aMUSEUMS |
| 650 | 0 | 4 | _aMOSCOW |
| 650 | 0 | 4 | _aARTS |
| 650 | 0 | 4 | _aHERMITAGE |
| 650 | 0 | 4 | _aART, RUSSIA |
| 942 |
_2ddc _cBK |
||